=LDR 00000nam 2200000 4500 =001 INLIS000000000023099 =005 20130612121805 =008 ***********************************Ind** =035 ##$$a0010-061300000023099 =041 ##$$a Ind =082 ##$$a 657.42 =090 ##$$a 657.42, Hal-d =100 ##$$a Halim, Abdul =245 ##$$a Dasar-dasar akuntansi biaya, Drs. Abdul Halim, M.B.A., Akuntan =260 ##$$a 1999 $b Yogyakarta =300 ##$$a xi, 483 hlm., ilus., 22 cm =650 ##$$a Akuntansi biaya =850 ##$$a NBPNMAT =990 ##$$a 21195975/BPAP-NTB/2014 =990 ##$$a 21195976/BPAP-NTB/2014 =990 ##$$a 21195977/BPAP-NTB/2014